Presidents - Click Quiz - Statistics

General Stats
  • This quiz has been taken 152 times
  • The average score is 10 of 10
Answer Stats
Hint Answer % Correct
BARACK OBAMA
100%
GEORGE WASHINGTON
99%
RONALD REAGAN
98%
ABRAHAM LINCOLN
97%
FRANKLIN ROOSEVELT
96%
WOODROW WILSON
96%
ULYSSES GRANT
93%
JOHN KENNEDY
93%
GERALD FORD
91%
LYNDON JOHNSON
91%
No matching quizzes found
Score Distribution
Percent of People with Each Score
Percentile by Number Answered
Your Score History
You have not taken this quiz